| 000 | 01506nam2a2200253 4500 | ||
|---|---|---|---|
| 001 | rc\2949338 | ||
| 005 | 20260315060151.0 | ||
| 035 | _a(NLR Aleph) 007097113 | ||
| 090 |
_a13601449 _c13601449 |
||
| 100 | _a20110829d1939 u y0rusy50 ca | ||
| 101 | 0 | _arus | |
| 102 | _aRU | ||
| 105 | _aa z ||||| | ||
| 200 | 0 |
_aСб. 6 _eПамяти проф. А.И. Шибкова _fПод ред. д-ра мед. и биологич. наук проф. К.З. Яцута |
|
| 210 | _d1939 | ||
| 215 |
_a290, [5] с. _cтабл., черт. |
||
| 461 | 0 |
_1001rc\2949332 _12001#$aТруды Ростовского на Дону государственного медицинского института$eСборник 1-$fОвт. ред. дир. Ин-та д-р А.И. Лихачев ...$vСб. 6 _96632566 _aРостовский на Дону медицинский институт. Психоневрологическая клиника _cРостов н/Д _d1934 _fОвт. ред. дир. Ин-та д-р А.И. Лихачев ... _nАзово-Черноморск. краев. кн-во _oСборник 1- _tТруды Ростовского на Дону государственного медицинского института _vСб. 6 |
|
| 702 | 1 |
_4340 _7ca _8rus _aЯцута _bК. З. _f1876-1953 _gКонстантин Захарьевич _9198981 _3RU\NLR\AUTH\770199032 |
|
| 801 | 0 |
_aRU _bNLR _gpsbo |
|
| 801 | 1 |
_aRU _bELAR _2rusmarc |
|
| 852 |
_aNLR _j34-19/445 |
||
| 942 | _cUNSPEC | ||
| 980 | _aNB | ||